Oldenburger Stadtteile - Statistics

General Stats
  • This quiz has been taken 22 times
  • The average score is 15 of 20
Answer Stats
Picture Answer % Correct
Innenstadt
100%
Wechloy
100%
Bümmerstede
93%
Eversten
93%
Kreyenbrück
93%
Bürgerfelde
87%
Etzhorn
87%
Krusenbusch
80%
Nadorst
80%
Ofenerdiek
80%
Ohmstede
80%
Osternburg
80%
Bloherfelde
73%
Donnerschwee
73%
Gerichtsviertel
73%
Haarentor
73%
Tweelbäke
73%
Bahnhofsviertel
67%
Neuenwege
40%
Nordmoslesfehn
20%
No matching quizzes found
Score Distribution
Percent of People with Each Score
Percentile by Number Answered
Your Score History
You have not taken this quiz